Infrastructure reform and regulation (Record no. 3920)
[ view plain ]
| 000 -LEADER | |
|---|---|
| fixed length control field | 00396nam a22001217a 4500 |
| 008 - FIXED-LENGTH DATA ELEMENTS--GENERAL INFORMATION | |
| fixed length control field | 230704b xxu||||| |||| 00| 0 eng d |
| 082 ## - DEWEY DECIMAL CLASSIFICATION NUMBER | |
| Classification number | 363.6 |
| Item number | INF |
| 110 ## - MAIN ENTRY--CORPORATE NAME | |
| Subordinate unit | World bank Institute |
| 245 ## - TITLE STATEMENT | |
| Title | Infrastructure reform and regulation |
| Remainder of title | For parliamentarians, Journalist and Consumer Associations |
| 260 ## - PUBLICATION, DISTRIBUTION, ETC. (IMPRINT) | |
| Place of publication, distribution, etc. | South Africa |
| Name of publisher, distributor, etc. | World bank Institute |
| Date of publication, distribution, etc. | 2005 |
| 300 ## - PHYSICAL DESCRIPTION | |
| Extent | various panging |
| 942 ## - ADDED ENTRY ELEMENTS (KOHA) | |
| Source of classification or shelving scheme | Dewey Decimal Classification |
| Koha item type | Books |
| Withdrawn status | Lost status | Source of classification or shelving scheme | Damaged status | Not for loan | Home library | Current library | Date acquired | Total Checkouts | Full call number | Barcode | Date last seen | Price effective from | Koha item type |
|---|---|---|---|---|---|---|---|---|---|---|---|---|---|
| Dewey Decimal Classification | County Hall Archives | County Hall Archives | 07/04/2023 | 363.6 INF | 10010997 | 07/04/2023 | 07/04/2023 | Books |
